ATP titles of Carlos Alcaraz - Statistics

Statistiche generali
  • Questo quiz è stato fatto 27 volte
  • Il punteggio medio è 10 su 16
Statistiche sulle risposte
Surface Tournament Player % Corretto
Grass Wimbledon Djokovic
100%
Grass Wimbledon Djokovic
100%
Hard Beijing Sinner
100%
Hard Indian Wells Medvedev
95%
Hard Indian Wells Medvedev
95%
Clay Madrid Zverev
95%
Clay French Open Zverev
95%
Hard Miami Ruud
71%
Hard Us Open Ruud
71%
Clay Barcelona Tsitsipas
48%
Grass Queens De Minaur
43%
Clay Buenos Aires Norrie
38%
Clay Umag Gasquet
24%
Clay Rio Schwartzman
19%
Clay Madrid Struff
19%
Clay Barcelona Carreno Busta
14%
Nessun quiz corrispondente trovato
Distribuzione punteggi
Percentuale di utenti per punteggio
Percentile per numero di risposta
I tuoi punteggi nel tempo
Non hai fatto questo quiz